Score 0/20 Timer 04:00
0 Plays Today
Siblings (Cartoon) A or B? % Correct
A) Arthur or B) DW?
(Arthur)
???
82.8%
A) Kim or B) Tim?
(Kim Possible)
???
79.2%
A) Elroy or B) Judy?
(The Jetsons)
???
78.9%
A) Bart or B) Lisa?
(The Simpsons)
???
77.7%
A) Hayley or B) Steve?
(American Dad!)
???
75.8%
A) Candace or B) Phineas?
(Phineas and Ferb)
???
75.2%
A) Dil or B) Tommy?
(Rugrats)
???
71.5%
A) Dee Dee or B) Dexter?
(Dexter's Laboratory)
???
69.7%
A) Shelly or B) Stan?
(South Park)
???
67.7%
A) Daria or B) Quinn?
(Daria)
???
66.9%
Siblings (Cartoon) A or B? % Correct
A) Eliza or B) Debbie?
(The Wild Thornberrys)
???
59%
A) Alvin or B) Simon?
(Alvin and the Chipmunks)
???
57.6%
A) Chris or B) Meg?
(Family Guy)
???
56.3%
A) Apple Bloom or B) Applejack?
(My Little Pony: Friendship is Magic)
???
54.2%
A) Max or B) Ruby?
(Max & Ruby)
???
53.9%
A) Johnny or B) Susan?
(Johnny Test)
???
50.8%
A) Katara or B) Sokka?
(Avatar: The Last Airbender)
???
49.4%
A) Wakko or B) Yakko?
(Animaniacs)
???
47.6%
A) Danny or B) Jazz?
(Danny Phantom)
???
44.6%
A) Pugsley or B) Wednesday?
(The Addams Family)
???
34.2%
Remove Ads.
Support Sporcle.
Get the best of Sporcle when you Go Orange. This ad-free experience offers more features, more stats, and more fun while also helping to support Sporcle. Thank you for becoming a member.

You're not logged in!

Compare scores with friends on all Sporcle quizzes.
OR
Log In

Show Comments

Extras

Top Quizzes Today


Score Distribution

Your Account Isn't Verified!

In order to create a playlist on Sporcle, you need to verify the email address you used during registration. Go to your Sporcle Settings to finish the process.

Report this User

Report this user for behavior that violates our Community Guidelines.

Details: